| 000 | 00446nam a2200157Ia 4500 | ||
|---|---|---|---|
| 008 | 240729s9999 xx 000 0 und d | ||
| 022 | _a2175-9790 | ||
| 245 | 0 | _aBrazilian Journal of Pharmaceutical Sciences | |
| 260 | _aBrazil | ||
| 260 | _bUniversidade de São Paulo | ||
| 650 | _a Pharmacy and materia medica | ||
| 650 | _aMedicine | ||
| 856 | _uhttps://doaj.org/toc/9f23a462b7164c97b2f786af4ce6c2f7 | ||
| 942 | _2ddc | ||
| 942 | _cDOAJEJ | ||
| 999 |
_c70691 _d70691 |
||
| 945 |
_a1 _bMadushi Gamage _c1 _dMadushi Gamage |
||